000
00286nam a22001337a 4500
008
170529b xxu||||| |||| 00| 0 eng d
020
_a
1560983493
041
_a
eng
080
_a
94(100)
100
_a
16
101
_a
SHH
245
_a
REPORTING THE WAR
_c
VOSS,F.S
942
_2
udc
_c
BK
999
_c
14927
_d
14927